000 00864nam0a22002411 4500
001 v19\rc\2059689
005 20260407121934.0
035 _a(NLR Aleph) 005136731
090 _a4762595
_c4762595
100 _a20081111d1909 |||y0rusy50 ca
101 0 _arus
102 _aRU
105 _ay z |||||
200 1 _aЕжедневный конюшенный порядок
_e(Согласно... утв. 12 июня 1909 г. Устава Внутренней службы)
210 _aСанкт-Петербург
_cП. Болотов
_d[1909]
215 _a1 л.
500 _aУстав Внутренней службы
740 1 _aРоссия
_tВоенные уставы и наставления
_3RU\NLR\AUTH\889957977
_9412039
801 0 _aRU
_bNLR
_gpsbo
801 1 _aRU
_bProSoft-M
_2rusmarc
852 _aNLR
_j34.85.2.319
942 _cBOOK
980 _aNB